Political order in changing societies, (Record no. 9773)

MARC details
000 -LEADER
fixed length control field 00994nam a2200277 4500
001 - CONTROL NUMBER
control field 3122089
005 - DATE AND TIME OF LATEST TRANSACTION
control field 20260512111534.0
008 - FIXED-LENGTH DATA ELEMENTS--GENERAL INFORMATION
fixed length control field 680111s1968 ctu b 001 0 eng
010 ## - LIBRARY OF CONGRESS CONTROL NUMBER
LC control number 68027756
035 ## - SYSTEM CONTROL NUMBER
System control number 3122089
040 ## - CATALOGING SOURCE
Transcribing agency IRDP
050 00 - LIBRARY OF CONGRESS CALL NUMBER
Classification number JA66
Item number .H795
082 00 - DEWEY DECIMAL CLASSIFICATION NUMBER
Classification number 320.9 HUN
100 1# - MAIN ENTRY--PERSONAL NAME
Personal name Huntington, Samuel P.
245 10 - TITLE STATEMENT
Title Political order in changing societies,
Statement of responsibility, etc. by Samuel P. Huntington.
260 ## - PUBLICATION, DISTRIBUTION, ETC. (IMPRINT)
Place of publication, distribution, etc. New Haven,
Name of publisher, distributor, etc. Yale University Press,
Date of publication, distribution, etc. 1968.
300 ## - PHYSICAL DESCRIPTION
Extent xi, 488 p.
Dimensions 24 cm.
500 ## - GENERAL NOTE
General note "Written under the auspices of the Center for International Affairs, Harvard University."
500 ## - GENERAL NOTE
General note "Delivered in part as the Henry L. Stimson lectures, Yale University."
504 ## - BIBLIOGRAPHY, ETC. NOTE
Bibliography, etc Bibliographical footnotes.
650 #0 - SUBJECT ADDED ENTRY--TOPICAL TERM
Topical term or geographic name as entry element Political science.
710 2# - ADDED ENTRY--CORPORATE NAME
Corporate name or jurisdiction name as entry element Harvard University.
Subordinate unit Center for International Affairs.
906 ## - LOCAL DATA ELEMENT F, LDF (RLIN)
a 7
b cbc
c orignew
d u
e ncip
f 19
g y-gencatlg
942 ## - ADDED ENTRY ELEMENTS (KOHA)
Source of classification or shelving scheme Dewey Decimal Classification
Koha item type BOOKS
Holdings
Withdrawn status Lost status Source of classification or shelving scheme Damaged status Not for loan Home library Current library Shelving location Date acquired Total Checkouts Full call number Barcode Date last seen Price effective from Koha item type
    Dewey Decimal Classification     Dodoma Dodoma Ground Floor 12/05/2026   320.9 HUN LIB003574 12/05/2026 12/05/2026 BOOKS

IRDP © 2021 :: Managed by ICT Team